000 00675nam a2200265Ia 4500
001 AUWbook001776
003 BDCtgAUW
005 20260406155104.0
008 220908s9999 xx 000 0 eng d
020 _a1864484799
040 _aBDCtgAUW
_cBDCtgAUW
050 _aDS525.O8
100 1 _aOsborne, Milton E,
_eauthor.
_979901
245 0 _aSoutheast asia :
_ban introductory history /
250 _aSeventh edition.
260 _aSt Leonards :
_bNSW.,
300 _aviii,263 pages.
650 0 _aHistory.
650 0 _aHistorySotheast Asia.
_911490
650 0 _aSoutheast Asia.
887 _a BRAC
_22982
888 _22982
942 _cBK
_00
_2lcc
945 _cBK
999 _c17534
_d17534